Fundamentals of pharmacognosy and phytotherapy / (Record no. 19048)
[ view plain ]
| 000 -LEADER | |
|---|---|
| fixed length control field | 02151cam a22003254a 4500 |
| 001 - CONTROL NUMBER | |
| control field | 16793860 |
| 005 - DATE AND TIME OF LATEST TRANSACTION | |
| control field | 20150317130536.0 |
| 008 - FIXED-LENGTH DATA ELEMENTS--GENERAL INFORMATION | |
| fixed length control field | 110520s2012 stka b 001 0 eng |
| 020 ## - INTERNATIONAL STANDARD BOOK NUMBER | |
| International Standard Book Number | 9780702033889 |
| 020 ## - INTERNATIONAL STANDARD BOOK NUMBER | |
| International Standard Book Number | 070203388X |
| 040 ## - CATALOGING SOURCE | |
| Original cataloging agency | DNLM/DLC |
| Language of cataloging | eng |
| Transcribing agency | DLC |
| Modifying agency | YDX |
| -- | NLM |
| -- | YDXCP |
| -- | CDX |
| -- | DLC |
| 082 00 - DEWEY DECIMAL CLASSIFICATION NUMBER | |
| Classification number | 615.321 |
| Edition number | 22 |
| Item number | FUN |
| 245 00 - TITLE STATEMENT | |
| Title | Fundamentals of pharmacognosy and phytotherapy / |
| Statement of responsibility, etc | Michael Heinrich ... [et al.] ; foreword, A. Douglas Kinghorn ; epilogue, J. David Phillipson ; illustrations by Debbie Maizels and Simon Gibbons. |
| 250 ## - EDITION STATEMENT | |
| Edition statement | 2nd ed. |
| 260 ## - PUBLICATION, DISTRIBUTION, ETC. (IMPRINT) | |
| Place of publication, distribution, etc | Edinburgh : |
| Name of publisher, distributor, etc | Elsevier, |
| Date of publication, distribution, etc | 2013. |
| 300 ## - PHYSICAL DESCRIPTION | |
| Extent | ix, 326 p. : |
| Other physical details | ill. ; |
| Dimensions | 25 cm. |
| 504 ## - BIBLIOGRAPHY, ETC. NOTE | |
| Bibliography, etc | Includes bibliographical references and index. |
| 505 0# - FORMATTED CONTENTS NOTE | |
| Formatted contents note | Importance of plants in modern pharmacy and medicine -- Pharmacognosy and its history : people, plants, and natural products -- General principles of botany : morphology and systematics -- Families yielding important phytopharmaceuticals -- Ethnobotany and ethnopharmacy -- Natural product chemistry -- Methods in natural product chemistry -- Anticancer natural products -- Production, standardization, and quality control -- Toxicity of herbal constituents -- What makes phytomedicines unique? -- Traditional systems of herbal medicine -- Complementary/alternative medicine -- The gastrointestinal and biliary system -- The cardiovascular system -- The respiratory system -- The central nervous system -- Infectious diseases -- The endocrine system -- The reproductive and urinary tracts -- The musculoskeletal system -- The skin -- The eye -- Ear, nose, and orthopharynx -- Miscellaneous supportive and protective therapies for stress, ageing, cancer, and debility. |
| 650 #0 - SUBJECT ADDED ENTRY--TOPICAL TERM | |
| Topical term or geographic name as entry element | Pharmacognosy. |
| 650 #0 - SUBJECT ADDED ENTRY--TOPICAL TERM | |
| Topical term or geographic name as entry element | Materia medica, Vegetable. |
| 9 (RLIN) | 35677 |
| 650 12 - SUBJECT ADDED ENTRY--TOPICAL TERM | |
| Topical term or geographic name as entry element | Plants, Medicinal. |
| 650 22 - SUBJECT ADDED ENTRY--TOPICAL TERM | |
| Topical term or geographic name as entry element | Pharmacognosy |
| General subdivision | methods. |
| 650 22 - SUBJECT ADDED ENTRY--TOPICAL TERM | |
| Topical term or geographic name as entry element | Phytotherapy |
| General subdivision | methods. |
| 653 ## - INDEX TERM--UNCONTROLLED | |
| Resource For college | Pharmacy |
| Arrived date list | March2015 |
| 655 ## - INDEX TERM--GENRE/FORM | |
| Form subdivision | |
| -- | 34232 |
| 700 1# - ADDED ENTRY--PERSONAL NAME | |
| Personal name | Heinrich, Michael, |
| Dates associated with a name | 1957 July 4- |
| 906 ## - LOCAL DATA ELEMENT F, LDF (RLIN) | |
| a | 7 |
| b | cbc |
| c | orignew |
| d | 1 |
| e | ecip |
| f | 20 |
| g | y-gencatlg |
| 942 ## - ADDED ENTRY ELEMENTS (KOHA) | |
| Source of classification or shelving scheme | Dewey Decimal Classification |
| Withdrawn status | Item status | Source of classification or shelving scheme | Damaged status | Not for loan | Vendor | Home library | Current library | Shelving location | Date acquired | Source of acquisition | Cost, normal purchase price | Total Checkouts | Total Renewals | Full call number | Barcode | Date last seen | Date last borrowed | Cost, replacement price | Koha item type | Checked out |
|---|---|---|---|---|---|---|---|---|---|---|---|---|---|---|---|---|---|---|---|---|
| Dewey Decimal Classification | Baccah | Central Library | Central Library | First floor | 17/03/2015 | 360.00 | 5 | 20 | 615.321 FUN | 000037582 | 15/07/2025 | 18/08/2020 | 450.00 | Book - Borrowing | ||||||
| Dewey Decimal Classification | Baccah | Central Library | Central Library | First floor | 17/03/2015 | 360.00 | 1 | 1 | 615.321 FUN | 000037619 | 08/10/2015 | 08/10/2015 | 450.00 | Book - Borrowing | 14/03/2017 |